000 00537nam a2200181Ia 4500
005 20250612171954.0
008 008 250505s9999 xx 000 0 eng d
020 _a9789393850966
040 _beng
_cILCL
041 _aeng
_2eng
100 _aFry, Sir Edward
_9754454
245 2 _aA Treatise on the Specific Performance of Contracts
250 _a6
260 _aDelhi
_bLaw and Justice Publishing Company
_c2023
300 _ali,741p.,108
700 _aNorthcote, George Russell
_9754455
942 _cTB
_2Colon Classification
999 _c1311876
_d1311876